SRDS interactive advertising source : the marketing professional's complete source for interactive media and marketing opportunities.

Bibliographic Details
Corporate Authors: Standard Rate & Data Service, Interactive Marketing Communications
Format: Journal
Language:English
Published: Des Plaines, IL : SRDS, [1996-]
Subjects:
Online Availability: Check for online availability

MARC

Tag First Indicator Second Indicator Subfields
LEADER 00000cas a2200000 a 4500
001 in00001404731
005 20151020062104.0
008 960327c19969999iluqr p 0 0eng d
010 |a  96656568   |z sn 96031867  
022 |y 1071-4642 
032 |a 080800  |b USPS 
035 |a (OCoLC)34468302 
035 |9 AHP0698AM 
040 |a HBS  |c HBS  |d HUL  |d DLC  |d GUA  |d DLC  |d UtOrBLW 
042 |a lc 
043 |a n-us--- 
049 |a TXAE 
050 0 0 |a HF5415.1264  |b .S65 
245 0 0 |a SRDS interactive advertising source :  |b the marketing professional's complete source for interactive media and marketing opportunities. 
246 3 0 |a Interactive advertising source 
246 2 |a Standard Rate and Data Service interactive advertising source 
264 1 |a Des Plaines, IL :  |b SRDS,  |c [1996-] 
264 4 |c ©1996- 
300 |a volumes :  |b illustrations ;  |c 29 cm. 
310 |a Quarterly 
336 |a text  |b txt  |2 rdacontent 
337 |a unmediated  |b n  |2 rdamedia 
338 |a volume  |b nc  |2 rdacarrier 
362 0 |a Vol. 1, no. 1 (winter 1996)- 
500 |a Title from cover. 
550 |a Published in conjunction with Interactive Marketing Communications. 
500 |a Description based on: volume 3, number 1 (Feb. 1998). 
650 0 |a Interactive marketing  |x Directories. 
650 0 |a Interactive multimedia  |x Directories. 
650 0 |a Advertising media planning  |x Directories. 
710 2 |a Standard Rate & Data Service. 
710 2 |a Interactive Marketing Communications. 
948 |a C:bs 
999 |a MARS 
999 f f |s 16938544-3c86-3243-9296-3065622d9007  |i 404a7200-2719-371e-b2d4-6881f028a3d7  |t 0 
952 f f |a Texas A&M University  |b Rellis Campus  |c Joint Library Facility  |d Remote Storage  |e HF5415.1264 .S65  |h Library of Congress classification  |i unmediated -- volume  |k v.4:no.1  |l 1999:Feb.  |m A14824953866  |p ric  |s JLF  |t 0 
998 f f |a HF5415.1264 .S65  |s v.4:no.1 (1999:Feb.)  |t 0  |l Remote Storage